Pakistan in the twentieth century: a political history (Record no. 386869)

000 -LEADER
fixed length control field 00456cam a22001457a 4500
008 - FIXED-LENGTH DATA ELEMENTS--GENERAL INFORMATION
fixed length control field 180718b1997 xxu||||| |||| 00| 0 eng d
020 ## - INTERNATIONAL STANDARD BOOK NUMBER
International Standard Book Number 0195778162
082 ## - DEWEY DECIMAL CLASSIFICATION NUMBER
Classification number A6x547 Zi68
100 ## - MAIN ENTRY--PERSONAL NAME
Personal name Ziring, Lawrence
245 ## - TITLE STATEMENT
Title Pakistan in the twentieth century: a political history
Statement of responsibility, etc. by Ziring Lawrence
260 ## - PUBLICATION, DISTRIBUTION, ETC.
Place of publication, distribution, etc. Karachi
Name of publisher, distributor, etc. Oxford University
Date of publication, distribution, etc. 1997
300 ## - PHYSICAL DESCRIPTION
Extent 647p.
650 ## - SUBJECT ADDED ENTRY--TOPICAL TERM
Topical term or geographic name entry element Pakistan - politics and government
650 ## - SUBJECT ADDED ENTRY--TOPICAL TERM
Topical term or geographic name entry element World politics - 20th century
Holdings
Withdrawn status Lost status Damaged status Not for loan Permanent Location Current Location Date acquired Full call number Barcode Date last seen Price effective from Koha item type
        Indian Institute of Public Administration Indian Institute of Public Administration 1998-05-20 A6x547 Zi68 73201 2018-07-21 2018-07-21 Book

Powered by Koha